Países que contienen las letras M y N - Estadísticas

Estadísticas generales
  • Esta prueba ha sido intentada 297 veces
  • La puntuación promedio es 14 de 27
Estadísticas de respuestas
Continente País % Correcto
Europa Alemania
72%
Europa Macedonia del Norte
68%
Europa Montenegro
67%
Europa Mónaco
66%
América del Sur Surinam
65%
Asia Mongolia
63%
América del Norte Panamá
62%
África Namibia
60%
América del Norte República Dominicana
59%
Europa San Marino
59%
África Mauritania
57%
Asia Turkmenistán
54%
Oceanía Islas Salomón
52%
Asia Myanmar
52%
Europa Rumania
52%
Asia Armenia
51%
Asia Omán
49%
Oceanía Estados Federados de Micronesia
48%
África República Democrática del Congo
47%
Europa Dinamarca
46%
América del Norte Dominica
45%
Asia Emiratos Árabes Unidos
44%
Asia Yemen
44%
África Camerún
42%
Asia Vietnam
42%
África Santo Tomé y Príncipe
35%
Asia Timor Oriental
25%
No se encontraron pruebas coincidentes
Distribución de puntuación
Porcentaje de gente con cada puntuación
Porcentaje por número respondido
Historial de tus puntuaciones
No has intentado esta prueba.